[Event "Cuernavaca Young Masters"]
[Site "Cuernavaca MEX"]
[Date "2006.02.05"]
[EventDate "2006.02.03"]
[Round "3"]
[Result "1/2-1/2"]
[White "Leinier Dominguez Perez"]
[Black "Ruben Felgaer"]
[WhiteElo "2638"]
[BlackElo "2607"]
[PlyCount "77"]

1. e4 c5 2. Nf3 Nc6 3. d4 cxd4 4. Nxd4 Nf6 5. Nc3 e5 6. Ndb5
d6 7. Bg5 a6 8. Na3 b5 9. Bxf6 gxf6 10. Nd5 f5 11. Bd3 Be6
12. O-O Bxd5 13. exd5 Ne7 14. Re1 Bg7 15. c3 O-O 16. Nc2 Qd7
17. a4 e4 18. Bf1 bxa4 19. Nb4 a5 20. Nc6 Nxc6 21. Bb5 Qb7
22. Bxc6 Qxb2 23. Bxa8 Rxa8 24. Qxa4 Qxc3 25. Rac1 Qe5 26. Qc6
Rf8 27. Qb5 Qb2 28. Qd7 Qe5 29. Rc6 Qf4 30. Qxd6 Be5 31. g3
Qd2 32. Qxe5 Qxe1+ 33. Kg2 e3 34. Qxf5 e2 35. Qg5+ Kh8 36. Rc1
Qd1 37. Qf6+ Kg8 38. Qg5+ Kh8 39. Qf6+ 1/2-1/2

[Event "Cuernavaca Young Masters"]
[Site "Cuernavaca MEX"]
[Date "2006.02.09"]
[EventDate "2006.02.03"]
[Round "7"]
[Result "1/2-1/2"]
[White "Leinier Dominguez Perez"]
[Black "Ruslan Ponomariov"]
[WhiteElo "2638"]
[BlackElo "2723"]
[PlyCount "163"]

1. e4 e5 2. Nf3 Nc6 3. Bb5 a6 4. Ba4 Nf6 5. O-O Be7 6. Re1 b5
7. Bb3 O-O 8. h3 Bb7 9. d3 d6 10. a3 Qd7 11. Nc3 Nd8 12. Ne2
Ne6 13. Ng3 Rfe8 14. c3 Bf8 15. Ng5 c5 16. Nxe6 fxe6 17. d4
Qf7 18. Bg5 Nd7 19. Qd2 h6 20. Be3 d5 21. exd5 exd5 22. dxc5
Nxc5 23. Ba2 Rad8 24. Rad1 Kh8 25. Qc2 Nd7 26. Ne4 Qe6 27. Re2
Nb6 28. Nc5 Bxc5 29. Bxc5 Nd7 30. Ba7 Nb6 31. Bb1 e4 32. Ba2
Qc6 33. Qc1 Rf8 34. Qe3 Nc4 35. Bxc4 bxc4 36. Qd2 Rde8 37. Re3
Re6 38. Rg3 Rg6 39. Re1 Rxg3 40. fxg3 Kh7 41. Bd4 Qg6 42. g4
Qf7 43. Be3 Qf6 44. Re2 Qf1+ 45. Kh2 Bc6 46. Rf2 Rxf2 47. Bxf2
Ba4 48. Qf4 e3 49. Qf5+ Kh8 50. Qf8+ Kh7 51. Qf5+ Kh8 52. Bxe3
Qxf5 53. gxf5 Bc2 54. g4 g6 55. fxg6 Kg7 56. Kg3 a5 57. h4
Kxg6 58. h5+ Kg7 59. Kf4 a4 60. Ke5 Be4 61. g5 hxg5 62. Bxg5
Bf3 63. h6+ Kg6 64. Bc1 Bg2 65. Kd4 Bf3 66. Bd2 Bg2 67. Be3
Be4 68. Bf4 Bf3 69. Bc1 Bg2 70. Kc5 Bf3 71. Bd2 Be4 72. Be3
Bf3 73. Bf4 Be4 74. Bc1 Bf3 75. Kb4 Bd1 76. Kb5 Kh7 77. Kc5
Bf3 78. b4 cxb3 79. Kb4 b2 80. Bxb2 Bd1 81. Bc1 Bb3 82. Kc5
1/2-1/2

[Event "Cuernavaca Young Masters"]
[Site "Cuernavaca MEX"]
[Date "2006.02.11"]
[EventDate "2006.02.03"]
[Round "9"]
[Result "1-0"]
[White "Leinier Dominguez Perez"]
[Black "Manuel Leon Hoyos"]
[WhiteElo "2638"]
[BlackElo "2428"]
[PlyCount "65"]

1. e4 d5 2. exd5 Qxd5 3. Nc3 Qa5 4. d4 c6 5. Bd2 Nf6 6. Bd3
Bg4 7. f3 Bh5 8. Nge2 Bg6 9. Ne4 Qb6 10. c3 Nbd7 11. Qc2 O-O-O
12. Ng5 Bxd3 13. Qxd3 Qxb2 14. Rb1 Qxa2 15. Nc1 Qd5 16. c4 Qd6
17. Ne2 Nc5 18. Qf5+ e6 19. Qxc5 Qxc5 20. dxc5 Rd7 21. Be3 h6
22. Ne4 Ne8 23. Nc1 f5 24. Nf2 g5 25. Ncd3 Nc7 26. Ne5 Rg7
27. Ra1 Na6 28. Nxc6 e5 29. Nxa7+ Kc7 30. Nb5+ Kb8 31. c6 Nb4
32. c7+ Rxc7 33. Nxc7 1-0

[Event "CUB-ch KO"]
[Site "Santa Clara"]
[Date "2006.04.06"]
[EventDate "2006.04.04"]
[Round "1.4"]
[Result "1-0"]
[White "Leinier Dominguez Perez"]
[Black "Jesus Nogueiras"]
[WhiteElo "2647"]
[BlackElo "2556"]
[Source "ChessBase"]
[PlyCount "97"]

1. e4 e6 2. d4 d5 3. Nc3 Bb4 4. e5 Ne7 5. a3 Bxc3+ 6. bxc3 b6
7. Qg4 Kf8 8. Nf3 h6 9. Bd3 Ba6 10. O-O c5 11. dxc5 bxc5
12. Bxa6 Nxa6 13. c4 d4 14. Rb1 Qd7 15. Bd2 Qc6 16. c3 d3
17. Rfd1 Rd8 18. Be3 Kg8 19. Ne1 Kh7 20. Nxd3 Rd7 21. Nf4 Rb8
22. Rbc1 Rxd1+ 23. Qxd1 Nf5 24. Qc2 Kg8 25. Rd1 Qb7 26. h3 Rc8
27. Bc1 Nb8 28. Qe2 Nc6 29. Kh2 Qc7 30. Nd3 Rd8 31. f4 Na5
32. Nf2 Nb3 33. Rxd8+ Qxd8 34. Be3 Qh4 35. Ne4 a5 36. Qf2 Qd8
37. Nxc5 Nxc5 38. Bxc5 h5 39. Qf3 h4 40. Bf2 Qd7 41. c5 Qb5
42. c6 Qc4 43. Bb6 Kh7 44. c7 g6 45. Qf2 Ng3 46. Bc5 Qxc3
47. c8=Q Qc1 48. Qxg3 hxg3+ 49. Kxg3 1-0

[Event "37th Chess Olympiad"]
[Site "Turin ITA"]
[Date "2006.06.04"]
[EventDate "2006.05.21"]
[Round "13"]
[Result "1-0"]
[White "Leinier Dominguez Perez"]
[Black "Sami Laouini"]
[WhiteElo "2647"]
[BlackElo "2196"]
[PlyCount "65"]

1. e4 c5 2. Nf3 e6 3. d4 cxd4 4. Nxd4 a6 5. c4 Qc7 6. Nc3 Nf6
7. Be2 Bb4 8. f3 d5 9. Qa4+ Nc6 10. exd5 exd5 11. Nxc6 Bxc3+
12. bxc3 Qxc6 13. Qxc6+ bxc6 14. Ba3 Bf5 15. Kf2 h6 16. g4 Bg6
17. Rad1 Kd7 18. cxd5 cxd5 19. c4 Kc6 20. Rd4 Rhd8 21. Rc1 Kb6
22. cxd5 Rxd5 23. Rb4+ Rb5 24. Rbc4 Rd8 25. Rc6+ Ka5 26. Bd6
Ne8 27. Bf4 Rdd5 28. R1c3 Rd4 29. Be3 Rd6 30. Ra3+ Kb4
31. Rb3+ Ka5 32. Rc5 Rdb6 33. Bd2+ 1-0

[Event "Magistral Ciutat de Barcelona - Casino"]
[Site "Barcelona ESP"]
[Date "2006.10.19"]
[EventDate "2006.10.09"]
[Round "1"]
[Result "0-1"]
[White "Viktor Antonovich Bologan"]
[Black "Leinier Dominguez Perez"]
[WhiteElo "2659"]
[BlackElo "2655"]
[PlyCount "98"]

1. e4 c5 2. Nf3 d6 3. d4 cxd4 4. Nxd4 Nf6 5. Nc3 a6 6. Be3 Ng4
7. Bg5 h6 8. Bh4 g5 9. Bg3 Nc6 10. h3 Nge5 11. f3 Bg7 12. Bf2
Ng6 13. Nd5 Rb8 14. Qd2 e6 15. Nc3 Be5 16. O-O-O Qf6 17. Nb3
b5 18. Kb1 Bb7 19. Be2 O-O 20. h4 Nxh4 21. g3 Nxf3 22. Bxf3
Qxf3 23. Rxh6 Bg7 24. Qxg5 f6 25. Qh5 Ne5 26. Qxf3 Nxf3
27. Rh5 b4 28. Na4 Ng5 29. Nd2 Nxe4 30. Nxe4 Bxe4 31. Rh2 Rfc8
32. Be1 d5 33. b3 f5 34. Nb2 a5 35. Rc1 Kf7 36. Bd2 Rh8
37. Re2 Rbc8 38. Bf4 e5 39. Be3 Rc6 40. Nd3 Bxd3 41. cxd3
Rxc1+ 42. Bxc1 Rh1 43. Kc2 e4 44. dxe4 fxe4 45. a3 a4 46. Bb2
Bxb2 47. Kxb2 bxa3+ 48. Kxa3 axb3 49. Kxb3 Rg1 0-1

[Event "Magistral Ciutat de Barcelona - Casino"]
[Site "Barcelona ESP"]
[Date "2006.10.20"]
[EventDate "2006.10.09"]
[Round "2"]
[Result "1/2-1/2"]
[White "Jan Timman"]
[Black "Leinier Dominguez Perez"]
[WhiteElo "2565"]
[BlackElo "2655"]
[PlyCount "36"]

1. c4 c5 2. Nf3 Nc6 3. d4 cxd4 4. Nxd4 Nf6 5. Nc3 e6 6. a3 Be7
7. e4 O-O 8. Be2 d5 9. exd5 exd5 10. O-O Nxd4 11. Qxd4 Be6
12. Rd1 dxc4 13. Bxc4 Qxd4 14. Rxd4 Bxc4 15. Rxc4 Rac8
16. Rxc8 Rxc8 17. Be3 a6 18. h3 Kf8 1/2-1/2

[Event "Magistral Ciutat de Barcelona - Casino"]
[Site "Barcelona ESP"]
[Date "2006.10.21"]
[EventDate "2006.10.09"]
[Round "3"]
[Result "1/2-1/2"]
[White "Leinier Dominguez Perez"]
[Black "Oleg Korneev"]
[WhiteElo "2655"]
[BlackElo "2657"]
[PlyCount "87"]

1. e4 e5 2. Nf3 Nc6 3. Bb5 a6 4. Ba4 d6 5. c3 f5 6. exf5 Bxf5
7. O-O Bd3 8. Re1 Be7 9. Bc2 Bxc2 10. Qxc2 Nf6 11. d4 e4
12. Ng5 d5 13. f3 h6 14. Nh3 O-O 15. Nd2 exf3 16. Nxf3 Rf7
17. Qf5 Bd6 18. Bf4 Qd7 19. Qxd7 Rxd7 20. Bxd6 cxd6 21. Nf4
Kf7 22. Rf1 Re7 23. Nh4 Kg8 24. Nf5 Rd7 25. Rae1 Kh7 26. Re6
Rad8 27. Rfe1 b5 28. b4 a5 29. a3 a4 30. h3 h5 31. R1e3 Kh8
32. Ng3 Na7 33. Ngxh5 Nxh5 34. Nxh5 Nc8 35. Rg3 Rf7 36. Reg6
Rdd7 37. Re6 Nb6 38. Re8+ Kh7 39. Rg4 Rde7 40. Rb8 Rb7 41. Rd8
Rbd7 42. Rb8 Rb7 43. Rd8 Rbd7 44. Rb8 1/2-1/2

[Event "Magistral Ciutat de Barcelona - Casino"]
[Site "Barcelona ESP"]
[Date "2006.10.22"]
[EventDate "2006.10.09"]
[Round "4"]
[Result "0-1"]
[White "Josep Manuel Lopez Martinez"]
[Black "Leinier Dominguez Perez"]
[WhiteElo "2508"]
[BlackElo "2655"]
[PlyCount "76"]

1. e4 c5 2. Nf3 d6 3. d4 cxd4 4. Nxd4 Nf6 5. Nc3 a6 6. g3 e5
7. Nb3 Be7 8. a4 Nc6 9. Bg2 Nb4 10. Bg5 Be6 11. O-O Rc8
12. Re1 O-O 13. Qe2 h6 14. Bxf6 Bxf6 15. a5 Qd7 16. Qd2 Rfd8
17. h4 Rc7 18. Red1 Rdc8 19. Nc1 Bd8 20. Nd3 Nxd3 21. cxd3 Rc5
22. d4 exd4 23. Qxd4 Bxa5 24. Rac1 Kf8 25. e5 d5 26. Qd3 Kg8
27. Qe3 Bxc3 28. Rxc3 Rxc3 29. bxc3 Qc6 30. Rd3 Qc4 31. Kh2 a5
32. Qd2 Rc5 33. f4 h5 34. f5 Bxf5 35. Rxd5 Rxd5 36. Bxd5 Qd3
37. Qa2 Qc2+ 38. Qxc2 Bxc2 0-1

[Event "Magistral Ciutat de Barcelona - Casino"]
[Site "Barcelona ESP"]
[Date "2006.10.23"]
[EventDate "2006.10.09"]
[Round "5"]
[Result "1-0"]
[White "Leinier Dominguez Perez"]
[Black "Jose Antonio Lacasa Diaz"]
[WhiteElo "2655"]
[BlackElo "2410"]
[PlyCount "93"]

1. e4 c5 2. Nf3 e6 3. d4 cxd4 4. Nxd4 Nf6 5. Nc3 d6 6. Be3 Nc6
7. Qd2 Be7 8. f3 O-O 9. g4 d5 10. g5 Nxd4 11. Qxd4 Nh5
12. O-O-O Bxg5 13. Kb1 Bxe3 14. Qxe3 Nf6 15. Rg1 g6 16. Bc4 b5
17. Bxb5 Bb7 18. h4 Kg7 19. exd5 Bxd5 20. Bc6 Rc8 21. Bxd5
Nxd5 22. Nxd5 exd5 23. h5 Qf6 24. Rxd5 Rfe8 25. Qd3 Re6
26. hxg6 hxg6 27. a4 a6 28. Rf5 Qd8 29. Rd5 Qf6 30. a5 Rb8
31. b3 Rbe8 32. Qd4 Re5 33. Rd1 R8e6 34. Rxe5 Rxe5 35. b4 g5
36. Kb2 Kg6 37. Rd3 Qf5 38. Rc3 Re6 39. Rd3 Rf6 40. Kb3 Re6
41. Rc3 Kh6 42. Qh8+ Kg6 43. Qd4 Kh6 44. Kb2 Kg6 45. Qd3 Qxd3
46. Rxd3 f5 47. c4 1-0

[Event "Magistral Ciutat de Barcelona - Casino"]
[Site "Barcelona ESP"]
[Date "2006.10.26"]
[EventDate "2006.10.09"]
[Round "8"]
[Result "0-1"]
[White "Fernando Peralta"]
[Black "Leinier Dominguez Perez"]
[WhiteElo "2574"]
[BlackElo "2655"]
[PlyCount "128"]

1. d4 Nf6 2. c4 g6 3. Nc3 d5 4. cxd5 Nxd5 5. e4 Nxc3 6. bxc3
c5 7. Nf3 Bg7 8. Be2 O-O 9. Rb1 cxd4 10. cxd4 Qa5+ 11. Bd2
Qxa2 12. O-O Bg4 13. Be3 Nc6 14. d5 Na5 15. Bg5 Qa3 16. Re1
Rfd8 17. h3 Bxf3 18. Bxf3 Qd6 19. Qe2 Be5 20. Bd2 b6 21. g3
Rdc8 22. Bb4 Qd8 23. Rbd1 Nb3 24. Bg4 Nd4 25. Qa6 Nc2 26. Bxc8
Nxb4 27. Qa4 Rxc8 28. Qxb4 Bc3 29. Qa4 Bxe1 30. Rxe1 Rc7
31. h4 Qd7 32. Qa6 h5 33. Kg2 e6 34. Rd1 exd5 35. exd5 Qd6
36. Rd2 Rd7 37. Qc8+ Rd8 38. Qa6 Qb4 39. Qd3 Qd6 40. Qa6 Qe7
41. Kh2 Rd6 42. Qc8+ Kh7 43. Qc4 Qd7 44. Rd4 a5 45. Kg1 b5
46. Qc5 a4 47. Kh2 a3 48. Rd2 Ra6 49. Ra2 Ra4 50. d6 b4
51. Re2 a2 52. Qc7 Ra7 53. Qxd7 Rxd7 54. Rxa2 Rxd6 55. Ra7 Rb6
56. Rxf7+ Kg8 57. Rd7 b3 58. Rd1 b2 59. Rb1 Kf7 60. Kg2 Rb3
61. f3 Kf6 62. g4 Ke5 63. Kg3 Kd4 64. Kf4 Rb5 0-1

[Event "Magistral Ciutat de Barcelona - Casino"]
[Site "Barcelona ESP"]
[Date "2006.10.27"]
[EventDate "2006.10.09"]
[Round "9"]
[Result "1-0"]
[White "Leinier Dominguez Perez"]
[Black "Vassily Ivanchuk"]
[WhiteElo "2655"]
[BlackElo "2741"]
[PlyCount "137"]

1. e4 g6 2. d4 d6 3. Nc3 Bg7 4. Be3 a6 5. f4 b5 6. Bd3 Bb7
7. Nf3 Nd7 8. e5 Nh6 9. Qe2 Nb6 10. O-O-O Qd7 11. Rhg1 O-O
12. g4 Nxg4 13. Ng5 Nxe3 14. Qxe3 e6 15. Qh3 h6 16. Nxf7 Qxf7
17. Rxg6 Qxf4+ 18. Kb1 Rf7 19. Rdg1 Kh8 20. R6g4 Qd2 21. Qh5
Raf8 22. a3 Re7 23. Rxg7 Rxg7 24. Rxg7 Rf1+ 25. Bxf1 Kxg7
26. Bd3 Qg5 27. Qe8 dxe5 28. dxe5 Qxe5 29. Qe7+ Kg8 30. Qe8+
Kg7 31. Qe7+ Kg8 32. Bh7+ Kh8 33. Bg6 Qg7 34. Qd8+ Qg8
35. Qf6+ Qg7 36. Qd8+ Qg8 37. Qxc7 Nd5 38. Qe5+ Qg7 39. Qb8+
Qg8 40. Qe5+ Qg7 41. Qxe6 Qf6 42. Qxf6+ Nxf6 43. Bf5 Kg7
44. Kc1 Ne8 45. Ne4 Bxe4 46. Bxe4 Nd6 47. Bd3 a5 48. Kd2 Kf6
49. Ke3 Ke5 50. Kf3 b4 51. axb4 axb4 52. Kg4 Kf6 53. Kf4 Ke6
54. b3 Kf6 55. Bc4 Nf5 56. Ke4 h5 57. Be2 h4 58. Bg4 Nd6+
59. Kf4 Nb7 60. Bf5 Nc5 61. Kg4 h3 62. Bh7 Ne6 63. Bd3 Ke5
64. Kxh3 Nf4+ 65. Kg4 Nxd3 66. cxd3 Kd4 67. h4 Kc3 68. h5 Kxb3
69. h6 1-0

[Event "Cuban Championship"]
[Site "Santa Clara CUB"]
[Date "2007.01.19"]
[EventDate "2007.01.19"]
[Round "1.1"]
[Result "0-1"]
[White "Francisco De la Paz Perdomo"]
[Black "Leinier Dominguez Perez"]
[WhiteElo "2433"]
[BlackElo "2677"]
[PlyCount "21"]

1. e4 c5 2. Nf3 d6 3. d4 cxd4 4. Nxd4 Nf6 5. Nc3 a6 6. Bg5 e6
7. f4 Nbd7 8. Qf3 Qc7 9. O-O-O b5 10. Bd3 Bb7 11. Rhe1 0-1

[Event "Capablanca Memorial (Elite)"]
[Site "Havana CUB"]
[Date "2007.05.19"]
[EventDate "2007.05.18"]
[Round "2"]
[Result "1-0"]
[White "Leinier Dominguez Perez"]
[Black "Peter Heine Nielsen"]
[WhiteElo "2678"]
[BlackElo "2649"]
[PlyCount "79"]

1. e4 e5 2. Nf3 Nc6 3. Bb5 a6 4. Ba4 Nf6 5. O-O Be7 6. Re1 b5
7. Bb3 O-O 8. h3 Bb7 9. d3 Re8 10. Nc3 Bb4 11. Ng5 Rf8 12. a3
Bxc3 13. bxc3 Na5 14. f4 exf4 15. Bxf4 c5 16. Bd6 c4 17. dxc4
bxc4 18. Ba4 Re8 19. e5 h6 20. Nxf7 Qb6+ 21. Qd4 Qxd4+
22. cxd4 Kxf7 23. exf6 Bc6 24. Bxc6 Nxc6 25. d5 Nd4 26. Re7+
Kxf6 27. Rxd7 Kg6 28. Bc5 Nxc2 29. Rc1 Re2 30. Rc7 Rd2 31. d6
c3 32. d7 Rd8 33. Rxc2 Rxc2 34. Be7 Rxd7 35. Rxd7 Rc1+ 36. Kf2
Rc2+ 37. Kf3 Rc1 38. Rc7 c2 39. Kf2 Kf5 40. Rc4 1-0

[Event "Capablanca Memorial (Elite)"]
[Site "Havana CUB"]
[Date "2007.05.20"]
[EventDate "2007.05.18"]
[Round "3"]
[Result "1/2-1/2"]
[White "Jesus Nogueiras"]
[Black "Leinier Dominguez Perez"]
[WhiteElo "2552"]
[BlackElo "2678"]
[PlyCount "45"]

1. d4 Nf6 2. Nf3 g6 3. c4 Bg7 4. Nc3 d5 5. cxd5 Nxd5 6. e4
Nxc3 7. bxc3 c5 8. Bb5+ Nc6 9. O-O cxd4 10. cxd4 O-O 11. Be3
Bg4 12. Bxc6 bxc6 13. Rc1 Qa5 14. Qd2 Qxd2 15. Nxd2 Rfd8
16. Nb3 a5 17. f3 Be6 18. Nc5 Bxd4 19. Bxd4 Rxd4 20. Nxe6 fxe6
21. Rxc6 Rd2 22. Rf2 Rd1+ 23. Rf1 1/2-1/2

[Event "Capablanca Memorial (Elite)"]
[Site "Havana CUB"]
[Date "2007.05.24"]
[EventDate "2007.05.18"]
[Round "6"]
[Result "1/2-1/2"]
[White "Leinier Dominguez Perez"]
[Black "Yuniesky Quesada Perez"]
[WhiteElo "2678"]
[BlackElo "2541"]
[PlyCount "39"]

1. e4 e5 2. Nf3 Nc6 3. Bb5 Nf6 4. O-O Nxe4 5. d4 Nd6 6. Bxc6
dxc6 7. dxe5 Nf5 8. Qxd8+ Kxd8 9. Nc3 Bd7 10. h3 h6 11. Bf4
Kc8 12. Rad1 b6 13. Rfe1 Bb4 14. g4 Ne7 15. Nd4 Bxc3 16. bxc3
Be6 17. Nxe6 fxe6 18. Rd3 Kb7 19. Kg2 Rad8 20. Red1 1/2-1/2

[Event "Capablanca Memorial (Elite)"]
[Site "Havana CUB"]
[Date "2007.05.25"]
[EventDate "2007.05.18"]
[Round "7"]
[Result "1/2-1/2"]
[White "Vassily Ivanchuk"]
[Black "Leinier Dominguez Perez"]
[WhiteElo "2729"]
[BlackElo "2678"]
[PlyCount "29"]

1. d4 d5 2. c4 dxc4 3. Nf3 Nf6 4. e3 e6 5. Bxc4 a6 6. O-O c5
7. dxc5 Bxc5 8. Qxd8+ Kxd8 9. Nbd2 Ke7 10. Be2 Bd7 11. a3 Ba7
12. b3 Rd8 13. Bb2 Bc6 14. Bd4 Bxd4 15. Nxd4 1/2-1/2

[Event "Capablanca Memorial (Elite)"]
[Site "Havana CUB"]
[Date "2007.05.26"]
[EventDate "2007.05.18"]
[Round "8"]
[Result "0-1"]
[White "Kamil Miton"]
[Black "Leinier Dominguez Perez"]
[WhiteElo "2653"]
[BlackElo "2678"]
[PlyCount "130"]

1. d4 d5 2. c4 dxc4 3. Nf3 Nf6 4. Nc3 a6 5. e4 b5 6. e5 Nd5
7. a4 Bb7 8. e6 fxe6 9. Be2 Nxc3 10. bxc3 Qd5 11. O-O Nc6
12. Be3 g6 13. axb5 axb5 14. Rxa8+ Bxa8 15. Qa1 Bb7 16. Rb1
Bg7 17. Qb2 Na7 18. Ne1 c6 19. Nf3 O-O 20. Ng5 Nc8 21. Bf3 Qf5
22. h3 h5 23. Be4 Qf6 24. f4 Nd6 25. Bf3 Bh6 26. Re1 Bxg5
27. fxg5 Qf5 28. Qd2 Qd3 29. Bf4 Qxd2 30. Bxd2 Kf7 31. Rf1 Ke8
32. Bc1 Rf5 33. Re1 c5 34. dxc5 Bxf3 35. cxd6 Bd5 36. dxe7
Kxe7 37. Rf1 Re5 38. Bd2 Be4 39. Re1 Rd5 40. Bf4 Bf5 41. Kf2
b4 42. cxb4 c3 43. g4 hxg4 44. hxg4 Bd3 45. Ra1 e5 46. Be3 c2
47. Ra5 Ke6 48. Rc5 Rxc5 49. bxc5 Kd5 50. Ke1 Ke4 51. Bc1 Kf3
52. Kd2 e4 53. c6 e3+ 54. Ke1 Ba6 55. c7 Bc8 56. Kf1 Bxg4
57. Ke1 Bc8 58. Ba3 Ba6 59. Bb2 Kg4 60. Bc1 Kf4 61. c8=Q Bxc8
62. Ke2 Bg4+ 63. Ke1 Ke4 64. Bb2 Kd3 65. Bc1 Kc3 0-1

[Event "Capablanca Memorial (Elite)"]
[Site "Havana CUB"]
[Date "2007.05.28"]
[EventDate "2007.05.18"]
[Round "9"]
[Result "1/2-1/2"]
[White "Leinier Dominguez Perez"]
[Black "Walter Arencibia Rodriguez"]
[WhiteElo "2678"]
[BlackElo "2555"]
[PlyCount "59"]

1. e4 c5 2. Nf3 e6 3. d4 cxd4 4. Nxd4 a6 5. c4 Nf6 6. Nc3 Qc7
7. a3 b6 8. Be3 Bb7 9. f3 d6 10. Rc1 Nbd7 11. Be2 Be7 12. O-O
O-O 13. b4 Rac8 14. Qd2 Rfe8 15. Na4 Qb8 16. Kh1 h5 17. Rfd1
h4 18. Bf1 h3 19. g3 Ne5 20. Nxb6 Nxe4 21. Qe2 Ng5 22. Bxg5
Bxg5 23. Nxc8 Bxc1 24. Rxc1 Rxc8 25. Bxh3 Qa7 26. c5 dxc5
27. Qxe5 cxd4 28. Rxc8+ Bxc8 29. Bf1 Qb6 30. Bd3 1/2-1/2

[Event "Zonal 2.3 Santo Domingo"]
[Site "Santo Domingo DOM"]
[Date "2007.06.06"]
[EventDate "2007.05.30"]
[Round "9"]
[Result "1/2-1/2"]
[White "Eduardo Patricio Iturrizaga Bonelli"]
[Black "Leinier Dominguez Perez"]
[WhiteElo "2398"]
[BlackElo "2678"]
[PlyCount "217"]

1. e4 c5 2. Nf3 d6 3. d4 cxd4 4. Nxd4 Nf6 5. Nc3 a6 6. Bc4 e6
7. Bb3 b5 8. O-O Be7 9. Qf3 Qb6 10. Be3 Qb7 11. a3 O-O
12. Rfe1 Nbd7 13. Bg5 Ne5 14. Qg3 Nh5 15. Qh4 Bxg5 16. Qxg5
Nf6 17. Qg3 Qb6 18. Rad1 Bb7 19. Nf3 Nxf3+ 20. Qxf3 Rfd8
21. Qe3 Qxe3 22. Rxe3 Kf8 23. Red3 Ke7 24. f3 Rac8 25. Rd4 Bc6
26. a4 bxa4 27. Nxa4 Rb8 28. Nc3 d5 29. exd5 Nxd5 30. Nxd5+
Bxd5 31. Bxd5 Rxd5 32. Rxd5 exd5 33. Rxd5 Rxb2 34. Ra5 Rb6
35. Kf2 Re6 36. f4 Rc6 37. c4 Rxc4 38. Rxa6 Rxf4+ 39. Kg3 Rd4
40. h3 Rd6 41. Ra3 Kf6 42. Ra5 Rd3+ 43. Kg4 Rd4+ 44. Kf3 g5
45. Ra6+ Kg7 46. Ra5 Kg6 47. g4 Rd6 48. Ra8 f6 49. Ra4 h5
50. Ra2 Rd3+ 51. Kg2 Rd4 52. Kg3 Rc4 53. Rb2 Ra4 54. Rc2 Rb4
55. Ra2 Rb3+ 56. Kg2 Rc3 57. Rb2 Ra3 58. Rc2 Rd3 59. Ra2 Rd4
60. Kg3 h4+ 61. Kg2 Kf7 62. Re2 Rd3 63. Kh2 Rd5 64. Kg2 Re5
65. Ra2 Re3 66. Ra6 Re2+ 67. Kg1 Re3 68. Kg2 Re2+ 69. Kg1 Rd2
70. Rb6 Ke7 71. Ra6 Rd1+ 72. Kg2 Rd2+ 73. Kg1 Rd6 74. Ra8 Ke6
75. Re8+ Kd5 76. Re2 Rc6 77. Kg2 Rc3 78. Rf2 Rc6 79. Re2 Kd4
80. Kf3 Rc3+ 81. Kg2 Rg3+ 82. Kh2 Re3 83. Rf2 Re6 84. Kg2 Kd3
85. Rf3+ Kd2 86. Rf5 Re2+ 87. Kg1 Re3 88. Kg2 Re6 89. Rd5+ Ke3
90. Rf5 Rd6 91. Rf3+ Ke4 92. Rf2 Kd5 93. Rd2+ Ke6 94. Re2+ Kf7
95. Ra2 Rd5 96. Re2 f5 97. gxf5 Kf6 98. Rf2 Rd4 99. Rf3 Rf4
100. Ra3 Kxf5 101. Ra5+ Kg6 102. Ra6+ Rf6 103. Rxf6+ Kxf6
104. Kf3 Kf5 105. Ke3 Ke5 106. Kf3 Kf5 107. Ke3 g4 108. hxg4+
Kxg4 109. Kf2 1/2-1/2

[Event "Zonal 2.3 Santo Domingo"]
[Site "Santo Domingo DOM"]
[Date "2007.06.07"]
[EventDate "2007.05.30"]
[Round "10"]
[Result "1-0"]
[White "Leinier Dominguez Perez"]
[Black "Rafael Mendoza"]
[WhiteElo "2678"]
[BlackElo "2390"]
[PlyCount "76"]

1. e4 e5 2. Nf3 Nc6 3. Bb5 a6 4. Ba4 Nf6 5. O-O Be7 6. Re1 b5
7. Bb3 O-O 8. h3 d6 9. c3 Na5 10. Bc2 c5 11. d4 Nd7 12. d5 Nc4
13. a4 b4 14. Bd3 Na5 15. cxb4 cxb4 16. Be3 Nc5 17. Bxc5 dxc5
18. Nbd2 Bd6 19. Rc1 Ra7 20. Nb3 Nxb3 21. Qxb3 Qf6 22. Qd1 Qg6
23. Re3 Qh6 24. Re2 g6 25. Nd2 f5 26. Nc4 f4 27. Re1 g5
28. Be2 g4 29. Bxg4 Rg7 30. f3 Bxg4 31. fxg4 f3 32. Rf1 Rgf7
33. Rxf3 Rxf3 34. gxf3 Qxh3 35. Rc2 Qg3+ 36. Rg2 Qh3 37. Nxd6
Rxf3 38. Nf5 c4 1-0

[Event "Zonal 2.3 Santo Domingo"]
[Site "Santo Domingo DOM"]
[Date "2007.06.08"]
[EventDate "2007.05.30"]
[Round "11"]
[Result "0-1"]
[White "Jose Manuel Dominguez"]
[Black "Leinier Dominguez Perez"]
[WhiteElo "2330"]
[BlackElo "2678"]
[PlyCount "77"]

1. Nf3 c5 2. e4 d6 3. g3 Nf6 4. d3 Nc6 5. Bg2 g6 6. Nbd2 Bg7
7. O-O O-O 8. h3 Rb8 9. Nh4 b5 10. f4 Nd7 11. Ndf3 b4 12. Ng5
c4 13. Kh2 cxd3 14. cxd3 Ba6 15. Be3 Rc8 16. Rf2 Bd4 17. Bxd4
Nxd4 18. Ngf3 Qb6 19. Rd2 Rc7 20. Nxd4 Qxd4 21. Qe1 Rfc8
22. Nf3 Qb6 23. d4 Bb7 24. e5 e6 25. h4 Rc2 26. Rad1 Bxf3
27. Bxf3 Qxd4 28. exd6 Qxd6 29. Rxc2 Rxc2+ 30. Kh3 Qe7 31. Rd4
Rxb2 32. Qc1 Rf2 33. Qc7 Rxf3 34. Rxd7 Qf6 35. Qb8+ Kg7
36. Qxb4 e5 37. fxe5 Qf5+ 38. Qg4 Ra3 39. Rd2 0-1

[Event "Zonal 2.3 Santo Domingo"]
[Site "Santo Domingo DOM"]
[Date "2007.06.10"]
[EventDate "2007.05.30"]
[Round "13"]
[Result "1/2-1/2"]
[White "Leinier Dominguez Perez"]
[Black "Juan Carlos Gonzalez Zamora"]
[WhiteElo "2678"]
[BlackElo "2537"]
[PlyCount "24"]

1. e4 c5 2. Nf3 Nc6 3. d4 cxd4 4. Nxd4 Qb6 5. Nb3 Nf6 6. Nc3
e6 7. a3 Be7 8. Bf4 O-O 9. Bd6 Ng4 10. Bg3 Nf6 11. Bd6 Ng4
12. Bg3 Nf6 1/2-1/2

[Event "World Cup"]
[Site "Khanty-Mansiysk RUS"]
[Date "2007.11.25"]
[EventDate "2007.11.24"]
[Round "1.2"]
[Result "0-1"]
[White "Alexei Iljushin"]
[Black "Leinier Dominguez Perez"]
[WhiteElo "2528"]
[BlackElo "2683"]
[PlyCount "97"]

1. d4 Nf6 2. c4 g6 3. Nc3 d5 4. Bg5 Ne4 5. Bh4 Nxc3 6. bxc3
dxc4 7. e3 Be6 8. Qb1 c5 9. Qb5+ Nc6 10. Qxc5 Qb6 11. Qxb6
axb6 12. Nh3 b5 13. Nf4 Ra3 14. Be2 Bh6 15. Nxe6 fxe6 16. Kd2
e5 17. d5 Na7 18. Kc2 Nc6 19. Kd2 Na7 20. Kc2 Nc8 21. Kb2 Ra4
22. Bd1 Ra5 23. Bg3 Bg7 24. e4 Nd6 25. f3 Kd7 26. Bf2 Ra6
27. Bc2 Bh6 28. a4 bxa4 29. Bxa4+ Kc7 30. Bc2 Rha8 31. Rxa6
Rxa6 32. h4 Ra5 33. Bb1 Nb5 34. Ba2 Ra4 35. Be1 Bc1+ 36. Kb1
Be3 37. g3 Ra8 38. Kb2 Bc1+ 39. Kxc1 Rxa2 40. h5 Ra1+ 41. Kd2
Ra2+ 42. Kd1 Ra1+ 43. Kc2 Ra2+ 44. Kd1 Ra1+ 45. Kd2 Ra2+
46. Ke3 Ra3 47. hxg6 hxg6 48. Rh7 Kd7 49. f4 0-1